00614nam a2200193Ia 4500008004100000020001800041082001900059100001900078245003300097250000800130260003800138300002400176500001900200600002000219650002000239942000700259952013700266999001700403240925s9999 xx 000 0 und d a9789352863501 a330.015195 STO aStock, James H 0aIntroduction to Econometrics a3rd aIndia:bPearson Educationc,2018. a542p.bNAfOriginal aIncludes Index aSocial Sciences aSocial Sciences cBK 001040708SSaUITUbUITUd2019-01-20eAllied Book Companyg1019.20l0o330.015195 STOpQ14070r2024-09-25 07:17:09w2024-09-25yBK c16569d16569